La circulación de noticias en internet: miradas cruzadas al caso de Costa Rica/
aborda el fenómeno de la circulación de noticias en Internet y su impacto en el contexto costarricense. El autor analiza diferentes perspectivas y enfoques sobre cómo se difunden y consumen las noticias en la era digital, considerando aspectos como la rapidez de la información, la diversidad de fuen...
Shranjeno v:
| Glavni avtor: | |
|---|---|
| Format: | Knjiga |
| Jezik: | Spanish |
| Teme: | |
| Online dostop: | texto completo desde el sitio de la revista |
| Oznake: |
Označite
Brez oznak, prvi označite!
|
MARC
| LEADER | 00000nam a22000007a 4500 | ||
|---|---|---|---|
| 003 | cru CIDCACS/IIS | ||
| 005 | 20230902220918.0 | ||
| 007 | ta | ||
| 008 | 190920t2018 cr |||p|r||||||0| ||spa|d | ||
| 040 | |c cru CIDCACS/IIS | ||
| 100 | 1 | |9 6690 |a Siles González, Ignacio | |
| 245 | 1 | 3 | |a La circulación de noticias en internet: miradas cruzadas al caso de Costa Rica/ |c Ignacio Siles González |
| 300 | |a páginas 11-14 | ||
| 520 | |a aborda el fenómeno de la circulación de noticias en Internet y su impacto en el contexto costarricense. El autor analiza diferentes perspectivas y enfoques sobre cómo se difunden y consumen las noticias en la era digital, considerando aspectos como la rapidez de la información, la diversidad de fuentes y la influencia de las redes sociales. Se examina el caso específico de Costa Rica, destacando los retos y desafíos que enfrenta el periodismo en línea en el país. El artículo busca reflexionar sobre las implicaciones de la circulación de noticias en Internet para el ejercicio del periodismo y la sociedad en general, y plantea la importancia de desarrollar estrategias y políticas adecuadas para garantizar la calidad y veracidad de la información en el entorno digital. RAR 04/2023 | ||
| 650 | 0 | |2 OCDE |9 3713 |a NOTICIAS | |
| 650 | 0 | |2 OCDE |9 976 |a INTERNET | |
| 650 | 0 | |2 OCDE |9 3241 |a PERIODISMO | |
| 650 | 0 | |2 OCDE |9 6776 |a REDES SOCIALES | |
| 650 | 0 | |2 UNESCO |9 4771 |a DIFUSION DE LA INFORMACION | |
| 650 | 0 | |9 4771 |a DIFUSION DE LA INFORMACION | |
| 773 | 0 | |0 18728 |9 2924 |a Universidad de Costa Rica |d San José, Costa Rica Editorial UCR 1956- |o 17072 |t Revista de Ciencias Sociales/ |x 04825276 | |
| 856 | |u https://revistas.ucr.ac.cr/index.php/sociales/article/view/34804/34367 |y texto completo desde el sitio de la revista | ||
| 942 | |2 ddc |c PP | ||
| 999 | |c 42375 |d 42375 | ||
